1691 1286 1581 1607 1353 1093 1680 1384 1968 1168 1776 1637 1811 1147 1469 1727 1834 1865 1803 1940 1081 1249 1798 1938 1688 1493 1439 1450 1666 1346 1854 1294 1085 1101 1631 1043 1073 1474 1927 1636 1517 1077 1258 1207 1123 1057 1626 1664 1511 1599 1806 1854 1935 1749 1740 1476 1513 1213 1081 1695 1974 1182 1104 1311 1611 1756 1552 1294 1938 1348 1428 1934 1378 1712 1568 1664 1158 1141 1692 1877 1361 1719 1242 1400 1056 1857 1573 1425 1938 1410 1542 1047 1921 1963 1641 1915 1472 1916 1647 BCNSPRNW ULIB Ver.6.0+V

เปลี่ยนเป็นภาษาไทย

Change to English
 แสดงรายละเอียดบรรณานุกรม
  กลับหน้าหลัก

Brief Record : Get Marc (ISO 2709) : E-mail record : QR code < ปิดหน้าต่าง
LEADER : 00000nam 2200000uu 4500
001    13399114430
003     ULIB
008    110627s||||||||th 000 0 tha d
020    9747053756
098    นว.^bม162ม
100 0  มนันยา
245 00 ไม่เด็ดก็ไม่ขาด/^cมนันยา
250    พิมพ์ครั้งที่ 5
260    กรุงเทพฯ :^bสามสี,^c2540
300    255 หน้า
710 1  สามสี
945    ^p90^l0^i031540
995    ทศพร
999 ^a ใช้งานได้ทุกระบบ
รายการนี้ยังไม่มีแท็ก
คุณยังไม่ได้ล็อกอิน คุณสามารถมีกิจกรรมร่วมกับเว็บไซต์ได้ แต่ต้องล็อกอินก่อน ::
  ล็อกอิน

รายการสื่อสารสนเทศ

ลำดับที่ ประเภท เลขเรียก/บาร์โค้ด สถานที่ สถานะ
1. นวนิยาย
นวนิยาย
 ฉ.1 
  Barcode: 031540
ห้องสมุดวิทยาเขตสวรรค์ประชารักษ์
►นวนิยาย
บนชั้น
  ขอยืม

รายการใกล้เคียง
    ผู้แต่ง [มนันยา]

BibComment


ยังไม่เคยถูกคอมเมนท์

คอมเมนท์ทรัพยากรรายการนี้
  คอมเมนท์: ไม่เด็ดก็ไม่ขาด ม..


 Copyright 2026. Bcnsprnw @Library